| 000 | 00336nam a2200133Ia 4500 | ||
|---|---|---|---|
| 008 | 231129s1983||||xx |||||||||||||| ||spa|| | ||
| 040 | _bspa | ||
| 082 | _a331.8809861 U81g | ||
| 100 | _aUrrutia Miguel | ||
| 245 | 0 | _aGremios politica economica y democracia | |
| 260 | _c1983 | ||
| 264 | _aFondo Cultural Cafetero | ||
| 942 |
_2ddc _cBKS |
||
| 999 |
_c14659 _d14659 |
||